Jeux Mario par Mondes/Lieux - Statistiques

Statistiques générales
  • Ce quiz a été pris 348 fois
    23 depuis la dernière actualisation
  • Le résultat moyen est 22 sur 62
Statistiques - réponses
Hint Réponse % Correct
Bois Vermeil Mario Kart Wii
81%
Jardins Venteux Super Mario Galaxy
81%
Affreux Bassin Super Mario 64
76%
Descente Givrée Mario Kart 8
71%
Paquebot Daisy Mario Kart Double Dash
71%
Flipper Waluigi Mario Kart DS
67%
Allées Hantées Super Mario Galaxy 2
67%
Littoral Wuhu Mario Kart 7
62%
Parc Pinna Super Mario Sunshine
62%
Cinéma Boo Mario Kart World
57%
Campement Sec Sec Paper Mario
57%
Ravin Guerrier de Wario Mario Party
52%
Abysses Bizarres Mario Party 10
52%
Caverne Kikrain Mario Party 3
52%
Bal Burlesque Mario Party 4
52%
Quartier Fortuno Mario Party 6
52%
Pic Pagode Mario Party 7
52%
Cité des Hôtels de Koopa Mario Party 8
52%
Panique à la Fabrique Mario Party 9
52%
Pays des Chutes Super Mario Odyssey
52%
Autodrome Royal Mario Kart 64
48%
Plage Kari-Kari Mario & Luigi : Voyage au centre de Bowser
48%
Pays Pirate Mario Party 2
48%
Aventurêve Mario Party 5
48%
Chambre des Jumeaux Luigi's Mansion
38%
Hahadémie Mario & Luigi Superstar Saga
38%
Port-Lacanaïe Paper Mario : La Porte Millénaire
38%
Nef des Bwooshs Super Mario 3D World
38%
Plaine Beignet Super Mario World
38%
Verso Super Paper Mario
38%
Pendularium Luigi's Mansion 2
33%
Suite Illusoire Luigi's Mansion 3
33%
Ile Barbouille Paper Mario Color Splash
33%
Décalbourg Paper Mario Sticker Star
33%
Lac Vanille Super Mario Kart
33%
Dojo Ninja Mario Kart Tour
29%
Volcan des Thwomps Mario & Luigi : Les Frères du Temps
29%
Atoll Fruité de Méga Bloups Super Mario Party
29%
Galeries Arc-en-ciel Super Mario Party Jamboree
29%
Désert Yoshi Mario Kart Super Circuit
24%
Ile des Koussinos Mario & Luigi Dream Team Bros
24%
Étude de Kamek Mario Party DS
24%
Navisthme Mario & Luigi : L'épopée fraternelle
19%
Archipel Gémellaire Mario & Luigi Paper Jam Bros
19%
Montagne de Bill Bourrin Mario Party Island Tour
19%
Égouts Graffiti Paper Mario : The Origami King
19%
Mines Fongiques Super Mario Bros Wonder
19%
Lac Saudechat Bowser's Fury
14%
Usine de Bombes Subspatiales Super Smash Bros Brawl
14%
Mona Pizza WarioWare
10%
Vallon-les-Flots Mario Golf Super Rush
5%
Colline aux champignons Mario Strikers : Battle League Football
5%
Canyon Cristal Mario Strikers Charged Football
5%
Stade Bordemer Mario Tennis Aces
5%
Rosenville Super Mario RPG
5%
Baie Cocotier Mario Golf Toadstool Tour
0%
Dôme Peach Mario Power Tennis
0%
Rue Junior Mario Slam Basketball
0%
Pipeline Central Mario Smash Football
0%
Frousselande Mario + The Lapins Crétins : Kingdom Battle
0%
Archives Minuit Mario + The Lapins Crétins : Sparks of Hope
0%
Cirque Bancal Wario World
0%
Aucun quiz correspondant
Distribution des résultats
% des personnes avec chaque résultat
Percentile par nombre de réponses
Votre historique - résultats
Vous n’avez pas pris ce quiz depuis la dernière actualisation